MARC

LEADER 00000nam0a2200000 4500
001 41608
005 20231031014521.0
035 |a (RuTPU)RU\TPU\book\42735 
090 |a 41608 
100 |a 20020625d1976 m y0rusy50 ca 
101 0 |a rus 
102 |a RU 
105 |a a j 000zy 
200 1 |a Гидравлика и машины для перемещения жидкостей и газов  |e лекции  |f И. Ю. Соколова, Н. Н. Водопьянова 
210 |a Томск  |c [Б. и.]  |d 1976 
215 |a 97 с.  |c ил. 
610 1 |a физика 
610 1 |a гидравлика 
610 1 |a жидкости 
610 1 |a газы 
610 1 |a машины 
610 1 |a классификация 
610 1 |a струйная теория 
610 1 |a лекции 
610 1 |a учебные пособия 
675 |a 532.5(075.8)  |v 3 
675 |a 621.22(075.8)  |v 3 
700 1 |a Соколова  |b И. Ю.  |c специалист в области инженерной педагогики  |c профессор Томского политехнического университета, доктор педагогических наук  |f 1936-  |g Ирина Юрьевна  |2 stltpush  |3 (RuTPU)RU\TPU\pers\24486 
701 1 |a Водопьянова  |b Н. Н.  |g Нина Никитична 
712 0 2 |a Томский политехнический университет  |2 stltpush  |3 (RuTPU)RU\TPU\col\376 
801 1 |a RU  |b 63413507  |c 20020625  |g PSBO 
801 2 |a RU  |b 63413507  |c 20181017  |g PSBO 
942 |c BK